Cuadernos/ (Record no. 3816)

MARC details
000 -LEADER
campo de control de longitud fija 01776nam a22003617a 4500
003 - IDENTIFICADOR DE NÚMERO DE CONTROL
campo de control OSt
005 - FECHA Y HORA DE LA ÚLTIMA TRANSACCIÓN
campo de control 20230608091311.0
008 - DATOS DE LONGITUD FIJA--INFORMACIÓN GENERAL
campo de control de longitud fija 221006b |||||||| |||| 00| 0 eng d
040 ## - FUENTE DE CATALOGACIÓN
Centro/agencia transcriptor Biblioteca Lado V
082 ## - NÚMERO DE LA CLASIFICACIÓN DECIMAL DEWEY
Número de clasificación 700
Número de ítem S232c
100 ## - ENTRADA PRINCIPAL--NOMBRE DE PERSONA
9 (RLIN) 847
Nombre de persona Santamaria-Delgado, Carolina
Término indicativo de función/relación Editor
245 ## - MENCIÓN DEL TÍTULO
Título Cuadernos/
Resto del título de música, artes visuales y artes escénicas/
260 ## - PUBLICACIÓN, DISTRIBUCIÓN, ETC.
Lugar de publicación, distribución, etc. Universidad Javeriana
Fecha de publicación, distribución, etc. 2014
Nombre del editor, distribuidor, etc. Colombia
-- Bogota
300 ## - DESCRIPCIÓN FÍSICA
Dimensiones 22x28cm
Extensión 237p.
366 ## - INFORMACIÓN SOBRE DISPONIBILIDAD COMERCIAL
Nota spa
490 ## - MENCIÓN DE SERIE
Mención de serie 9
Designación de volumen o secuencia 2
Número Internacional Normalizado para Publicaciones Seriadas 1794-6670
505 ## - NOTA DE CONTENIDO CON FORMATO
Título EDITORIAL
Nota de contenido con formato Mapeando los estudios visuales en America Latina: puntos de Partida, Anclajes Institucionales e Iniciativas
505 ## - NOTA DE CONTENIDO CON FORMATO
Título Dossier
Nota de contenido con formato El escudo de Atenea: cultura visual y guerra en Colombia
505 ## - NOTA DE CONTENIDO CON FORMATO
Título La oposición política en el cine colombiano del siglo XX: Memorias, regímenes, audiovisuales y subjetivacion política
505 ## - NOTA DE CONTENIDO CON FORMATO
Título La imagen apropiada: repetición en la obra 18.oktober 1977
505 ## - NOTA DE CONTENIDO CON FORMATO
Título Fotografía y violencia: la memoria actuante de las imágenes
505 ## - NOTA DE CONTENIDO CON FORMATO
Título Uteros histericos
505 ## - NOTA DE CONTENIDO CON FORMATO
Título Estudios Iconologicos en la prensa ilustrada del siglo XIX
505 ## - NOTA DE CONTENIDO CON FORMATO
Título Fuera de Dossier
Nota de contenido con formato Transgresión y persistencia<br/><br/>El espacio expansivo<br/><br/>colectivos artísticos<br/><br/>Articulo breve<br/><br/>
505 ## - NOTA DE CONTENIDO CON FORMATO
Título Reseña
Nota de contenido con formato Con Wilson lo implícito es mas sugerente que lo explícito<br/><br/>Iconotopia
650 ## - PUNTO DE ACCESO ADICIONAL DE MATERIA--TÉRMINO DE MATERIA
Fuente del encabezamiento o término Tesauro de Arte & Arquitectura
Término de materia o nombre geográfico como elemento de entrada MUSICA
9 (RLIN) 703
650 ## - PUNTO DE ACCESO ADICIONAL DE MATERIA--TÉRMINO DE MATERIA
Fuente del encabezamiento o término Tesauro de Arte & Arquitectura
Término de materia o nombre geográfico como elemento de entrada ARTES ESCENICAS
9 (RLIN) 702
650 ## - PUNTO DE ACCESO ADICIONAL DE MATERIA--TÉRMINO DE MATERIA
Fuente del encabezamiento o término Tesauro de Arte & Arquitectura
Término de materia o nombre geográfico como elemento de entrada ARTES VISUALES
9 (RLIN) 702
650 ## - PUNTO DE ACCESO ADICIONAL DE MATERIA--TÉRMINO DE MATERIA
Fuente del encabezamiento o término Tesauro de Arte & Arquitectura
Término de materia o nombre geográfico como elemento de entrada ICONOGRAFIA
650 ## - PUNTO DE ACCESO ADICIONAL DE MATERIA--TÉRMINO DE MATERIA
Fuente del encabezamiento o término Tesauro de Arte & Arquitectura
Término de materia o nombre geográfico como elemento de entrada EDUCACION
700 ## - ENTRADA AGREGADA--NOMBRE PERSONAL
Nombre de persona Navarreta, Jose Antonio
Término indicativo de función/relación editor
942 ## - ELEMENTOS DE ENTRADA SECUNDARIOS (KOHA)
Fuente del sistema de clasificación o colocación Clasificación Decimal Dewey
Tipo de ítem Koha Libros
Parte de la signatura que corresponde a la clasificación (Parte de la clasificación) 700
Parte de la signatura que identifica el ejemplar (Parte del ítem) S232c
Suprimir en OPAC No
Holdings
Estatus retirado Estado de pérdida Fuente del sistema de clasificación o colocación Especificación de materiales (volumen encuadernado u otra parte) Estado de daño No para préstamo Colección Biblioteca de origen Biblioteca actual Fecha de adquisición Enumeración/cronología de publicación seriada Número de inventario Total de préstamos Signatura topográfica completa Código de barras Visto por última vez Precio de reemplazo Tipo de ítem Koha
    Clasificación Decimal Dewey 9     Revistas Biblioteca LadoV Biblioteca LadoV 08/06/2023 2 002868   700 S232c 002868 08/06/2023 08/06/2023 Libros